<?xml version="1.0" encoding="UTF-8"?>
<record
    xmlns:xsi="http://www.w3.org/2001/XMLSchema-instance"
    xsi:schemaLocation="http://www.loc.gov/MARC21/slim http://www.loc.gov/standards/marcxml/schema/MARC21slim.xsd"
    xmlns="http://www.loc.gov/MARC21/slim">

  <leader>01826nam a2200349   4500</leader>
  <controlfield tag="005">20240530110435.0</controlfield>
  <controlfield tag="008">150407s2010    ua     g      000 0aara d</controlfield>
  <datafield tag="017" ind1=" " ind2=" ">
    <subfield code="a">2009/22517 ( v. 1 )</subfield>
    <subfield code="a">2008/4554 ( v. 2 )</subfield>
    <subfield code="a">2010/4676 ( v. 3 )</subfield>
    <subfield code="b">&#x645;&#x635;&#x631; . &#x62F;&#x627;&#x631; &#x627;&#x644;&#x643;&#x62A;&#x628; &#x627;&#x644;&#x645;&#x635;&#x631;&#x64A;&#x629;</subfield>
  </datafield>
  <datafield tag="020" ind1=" " ind2=" ">
    <subfield code="a">9789774797277 ( v. 1 )</subfield>
  </datafield>
  <datafield tag="020" ind1=" " ind2=" ">
    <subfield code="a">9789774796501 ( v. 2 )</subfield>
  </datafield>
  <datafield tag="020" ind1=" " ind2=" ">
    <subfield code="a">9789774799226 ( v. 3 )</subfield>
  </datafield>
  <datafield tag="040" ind1=" " ind2=" ">
    <subfield code="a">EG-CaGPL</subfield>
  </datafield>
  <datafield tag="082" ind1="0" ind2="4">
    <subfield code="2">21</subfield>
    <subfield code="a">916.2</subfield>
    <subfield code="b">&#x642;/&#x62C; &#x631;</subfield>
  </datafield>
  <datafield tag="100" ind1="1" ind2=" ">
    <subfield code="a">&#x62C;&#x644;&#x628;&#x649; &#x60C; &#x627;&#x648;&#x644;&#x64A;&#x627;</subfield>
    <subfield code="q">&#x627;&#x648;&#x644;&#x64A;&#x627; &#x62C;&#x644;&#x628;&#x649;</subfield>
  </datafield>
  <datafield tag="245" ind1="1" ind2="2">
    <subfield code="a">&#x627;&#x644;&#x631;&#x62D;&#x644;&#x629; &#x627;&#x644;&#x649; &#x645;&#x635;&#x631; &#x648; &#x627;&#x644;&#x633;&#x648;&#x62F;&#x627;&#x646; &#x648; &#x628;&#x644;&#x627;&#x62F; &#x627;&#x644;&#x62D;&#x628;&#x634; ( 1082 - 1091 &#x647;&#x640; = 1672 - 1680 &#x645; ) /</subfield>
    <subfield code="c">&#x62A;&#x627;&#x644;&#x64A;&#x641; &#x627;&#x648;&#x644;&#x64A;&#x627; &#x62C;&#x644;&#x628;&#x649; &#x61B; &#x62A;&#x631;&#x62C;&#x645;&#x629; &#x648; &#x62A;&#x642;&#x62F;&#x64A;&#x645; &#x648; &#x62A;&#x639;&#x644;&#x64A;&#x642; &#x627;&#x644;&#x635;&#x641;&#x635;&#x627;&#x641;&#x649; &#x627;&#x62D;&#x645;&#x62F; &#x627;&#x644;&#x642;&#x637;&#x648;&#x631;&#x649; </subfield>
    <subfield code="n">&#x627;&#x644;&#x62C;&#x632;&#x621; &#x627;&#x644;&#x627;&#x648;&#x644; </subfield>
    <subfield code="p">&#x627;&#x644;&#x648;&#x635;&#x648;&#x644; &#x627;&#x644;&#x649; &#x645;&#x635;&#x631; &#x627;&#x644;&#x642;&#x627;&#x647;&#x631;&#x629;</subfield>
    <subfield code="n">&#x627;&#x644;&#x62C;&#x632;&#x621; &#x627;&#x644;&#x62B;&#x627;&#x646;&#x649;</subfield>
    <subfield code="p">&#x643;&#x646;&#x648;&#x632; &#x645;&#x635;&#x631; &#x648; &#x645;&#x622;&#x62B;&#x631;&#x647;&#x627; &#x648; &#x639;&#x645;&#x627;&#x626;&#x631;&#x647;&#x627; &#x648; &#x627;&#x62D;&#x62A;&#x641;&#x627;&#x644;&#x627;&#x62A;&#x647;&#x627;</subfield>
    <subfield code="n">&#x627;&#x644;&#x62C;&#x632;&#x621; &#x627;&#x644;&#x62B;&#x627;&#x644;&#x62B;</subfield>
    <subfield code="p">&#x645;&#x648;&#x627;&#x643;&#x628; &#x645;&#x635;&#x631; &#x648; &#x627;&#x62D;&#x62A;&#x641;&#x627;&#x644;&#x627;&#x62A;&#x647;&#x627;</subfield>
  </datafield>
  <datafield tag="250" ind1=" " ind2=" ">
    <subfield code="a">&#x637;1</subfield>
  </datafield>
  <datafield tag="260" ind1=" " ind2=" ">
    <subfield code="a">&#x627;&#x644;&#x642;&#x627;&#x647;&#x631;&#x629; :</subfield>
    <subfield code="b">&#x627;&#x644;&#x645;&#x631;&#x643;&#x632; &#x627;&#x644;&#x642;&#x648;&#x645;&#x649; &#x644;&#x644;&#x62A;&#x631;&#x62C;&#x645;&#x629; &#x60C;</subfield>
    <subfield code="c">2010 .</subfield>
  </datafield>
  <datafield tag="300" ind1=" " ind2=" ">
    <subfield code="a">3 &#x62C;&#x632;&#x621; &#x61B;</subfield>
    <subfield code="c">24 &#x633;&#x645;</subfield>
  </datafield>
  <datafield tag="490" ind1="0" ind2=" ">
    <subfield code="a">&#x627;&#x644;&#x645;&#x634;&#x631;&#x648;&#x639; &#x627;&#x644;&#x642;&#x648;&#x645;&#x649; &#x644;&#x644;&#x62A;&#x631;&#x62C;&#x645;&#x629;</subfield>
  </datafield>
  <datafield tag="600" ind1="0" ind2="4">
    <subfield code="a">&#x62C;&#x64A;&#x644;&#x649; &#x60C; &#x627;&#x648;&#x644;&#x64A;&#x627;</subfield>
  </datafield>
  <datafield tag="651" ind1="0" ind2="4">
    <subfield code="a">&#x645;&#x635;&#x631;</subfield>
    <subfield code="x">&#x648;&#x635;&#x641; &#x648; &#x631;&#x62D;&#x644;&#x627;&#x62A;</subfield>
  </datafield>
  <datafield tag="651" ind1="0" ind2="4">
    <subfield code="a">&#x645;&#x635;&#x631;</subfield>
    <subfield code="x">&#x62A;&#x627;&#x631;&#x64A;&#x62E;</subfield>
    <subfield code="y">&#x627;&#x644;&#x639;&#x635;&#x631; &#x627;&#x644;&#x639;&#x62B;&#x645;&#x627;&#x646;&#x649;</subfield>
  </datafield>
  <datafield tag="651" ind1="0" ind2="4">
    <subfield code="a">&#x645;&#x635;&#x631;</subfield>
    <subfield code="x">&#x62A;&#x627;&#x631;&#x64A;&#x62E;</subfield>
    <subfield code="y">&#x639;&#x635;&#x631; &#x627;&#x644;&#x645;&#x645;&#x627;&#x644;&#x64A;&#x643;</subfield>
  </datafield>
  <datafield tag="651" ind1="0" ind2="4">
    <subfield code="a">&#x645;&#x635;&#x631;</subfield>
    <subfield code="x">&#x62A;&#x627;&#x631;&#x64A;&#x62E;</subfield>
    <subfield code="y">&#x639;&#x635;&#x631; &#x627;&#x644;&#x648;&#x644;&#x627;&#x629;</subfield>
  </datafield>
  <datafield tag="651" ind1="0" ind2="4">
    <subfield code="a">&#x645;&#x635;&#x631;</subfield>
    <subfield code="x">&#x62A;&#x627;&#x631;&#x64A;&#x62E;</subfield>
    <subfield code="y">&#x627;&#x644;&#x639;&#x635;&#x631; &#x627;&#x644;&#x627;&#x633;&#x644;&#x627;&#x645;&#x649;</subfield>
  </datafield>
  <datafield tag="651" ind1="0" ind2="4">
    <subfield code="a">&#x645;&#x635;&#x631; &#x627;&#x644;&#x642;&#x62F;&#x64A;&#x645;&#x629;</subfield>
    <subfield code="x">&#x62A;&#x627;&#x631;&#x64A;&#x62E;</subfield>
  </datafield>
  <datafield tag="651" ind1="0" ind2="4">
    <subfield code="a">&#x627;&#x62B;&#x64A;&#x648;&#x628;&#x64A;&#x627;</subfield>
    <subfield code="x">&#x648;&#x635;&#x641; &#x648; &#x631;&#x62D;&#x644;&#x627;&#x62A;</subfield>
  </datafield>
  <datafield tag="651" ind1="0" ind2="4">
    <subfield code="a">&#x627;&#x644;&#x633;&#x648;&#x62F;&#x627;&#x646;</subfield>
    <subfield code="x">&#x648;&#x635;&#x641; &#x648; &#x631;&#x62D;&#x644;&#x627;&#x62A;</subfield>
  </datafield>
  <datafield tag="700" ind1="1" ind2=" ">
    <subfield code="a">&#x627;&#x644;&#x635;&#x641;&#x635;&#x627;&#x641;&#x649; &#x627;&#x62D;&#x645;&#x62F; &#x627;&#x644;&#x642;&#x637;&#x648;&#x631;&#x649;</subfield>
    <subfield code="e">&#x645;&#x62A;&#x631;&#x62C;&#x645; &#x648; &#x645;&#x642;&#x62F;&#x645; &#x648; &#x645;&#x639;&#x644;&#x642;</subfield>
  </datafield>
  <datafield tag="942" ind1=" " ind2=" ">
    <subfield code="2">ddc</subfield>
    <subfield code="c">BK</subfield>
  </datafield>
  <datafield tag="999" ind1=" " ind2=" ">
    <subfield code="c">60924</subfield>
    <subfield code="d">60924</subfield>
  </datafield>
  <datafield tag="952" ind1=" " ind2=" ">
    <subfield code="0">0</subfield>
    <subfield code="1">0</subfield>
    <subfield code="4">0</subfield>
    <subfield code="7">0</subfield>
    <subfield code="a">CAI</subfield>
    <subfield code="b">CAI</subfield>
    <subfield code="d">2015-04-07</subfield>
    <subfield code="l">0</subfield>
    <subfield code="o">916.2&#x642;/ &#x62C; &#x631;</subfield>
    <subfield code="p">160108</subfield>
    <subfield code="r">2015-04-07 00:00:00</subfield>
    <subfield code="w">2015-04-07</subfield>
    <subfield code="y">BK</subfield>
  </datafield>
  <datafield tag="952" ind1=" " ind2=" ">
    <subfield code="0">0</subfield>
    <subfield code="1">0</subfield>
    <subfield code="4">0</subfield>
    <subfield code="7">0</subfield>
    <subfield code="a">CAI</subfield>
    <subfield code="b">CAI</subfield>
    <subfield code="d">2015-04-07</subfield>
    <subfield code="l">0</subfield>
    <subfield code="o">916.2&#x642;/ &#x62C; &#x631;</subfield>
    <subfield code="p">160109</subfield>
    <subfield code="r">2015-04-07 00:00:00</subfield>
    <subfield code="w">2015-04-07</subfield>
    <subfield code="y">BK</subfield>
  </datafield>
  <datafield tag="952" ind1=" " ind2=" ">
    <subfield code="0">0</subfield>
    <subfield code="1">0</subfield>
    <subfield code="4">0</subfield>
    <subfield code="7">0</subfield>
    <subfield code="a">CAI</subfield>
    <subfield code="b">CAI</subfield>
    <subfield code="d">2015-04-07</subfield>
    <subfield code="l">0</subfield>
    <subfield code="o">916.2&#x642;/ &#x62C; &#x631;</subfield>
    <subfield code="p">160110</subfield>
    <subfield code="r">2015-04-07 00:00:00</subfield>
    <subfield code="w">2015-04-07</subfield>
    <subfield code="y">BK</subfield>
  </datafield>
</record>
